LEADER 01435nam a2200301 i 4500 001 000000201563 003 CaOOAMICUS 005 20181022122812.0 008 110502s1971 it u000 u ita u 013 $a180265 040 $aSeMil$bita 100 1 $aPappworth, Maurice Henry.$0(OLS)http://semarc/name/72834 240 10$aHuman Guinea Pigs : here and now, experimentation on Man.$0(OLS)http://semarc/title/291693 245 10$aCavie umane :$bla sperimentazione sull'uomo /$cM. H. Pappworth ; con una prefazione del prof. Giulio A. Maccacaro e un'appendice giuridica del prof. Carlo Smuraglia. 250 $a2. edizione. 260 $aMilano :$bFeltrinelli,$c1971. 300 $a287 p. ;$c21 cm. 490 0 $aAttualitą [Feltrinelli] 500 $aIn appendice : Il problema giuridico della sperimentazione sull'uomo, del prof. Carlo Smuraglia. 650 4$aMedicina - Sperimentazione umana.$0(OLS)http://semarc/subject/37848 700 1 $aSmuraglia, Carlo.$0(OLS)http://semarc/name/72835 700 1 $aMaccacaro, Giulio A.$0(OLS)http://semarc/name/10989 830 0$aAttualitą.$0(OLS)http://semarc/title/419375 850 $aSeMil 852 $aSeMil$W1$xVenegono$y1$m3W III 156$j152089$B152089$CSeMilBibl$Z2$F163265 $81 996 $6245$aCavie umane :$bla sperimentazione sull'uomo$9(OLS)http://semarc/title/291692 996 $6260$aMilano :$bFeltrinelli$9(OLS)http://semarc/publisher/30237 LEADER 00919nam a2200193 i 4500 001 000000017177 003 CaOOAMICUS 005 20180830125443.0 008 180830s2004 it u000 u ita u 040 $aSeMil$bita 100 1 $aDossetti, Giuseppe,$d<1913-1996>.$0(OLS)http://semarc/name/2981 245 10$aArchivio della famiglia e Lettere alla comunitą /$cGiuseppe Dossetti. 260 $aMilano :$bPaoline,$c2004-2006. 300 $a2 v. ;$c21 cm. 773 0 $aDossetti, Giuseppe <1913-1996>$tGiuseppe Dossetti. I Testi.$dMilano : Paoline, 2004.$w()17178 774 0 $tPiccola Famiglia dell'Annunziata.$z88-315-2742-8$g1$w()131984 774 0 $aDossetti, Giuseppe <1913-1996>$tLettere alla comunitą.$dMilano : Paoline, 2006.$z88-315-3051-8$g2$w()156858 996 $6245$aArchivio della famiglia e Lettere alla comunitą$9(OLS)http://semarc/title/401663 996 $6260$aMilano :$bPaoline$9(OLS)http://semarc/publisher/29684